Black in white space : (Record no. 141240)
[ view plain ]
| 000 -LEADER | |
|---|---|
| fixed length control field | 01921nam a22002177a 4500 |
| 005 - DATE AND TIME OF LATEST TRANSACTION | |
| control field | 20260618164419.0 |
| 008 - FIXED-LENGTH DATA ELEMENTS--GENERAL INFORMATION | |
| fixed length control field | 260618s2022 |||||||| |||| 00| 0 eng d |
| 020 ## - INTERNATIONAL STANDARD BOOK NUMBER | |
| International Standard Book Number | 9780226657233 |
| 040 ## - CATALOGING SOURCE | |
| Transcribing agency | PK-LaUMT |
| 082 ## - DEWEY DECIMAL CLASSIFICATION NUMBER | |
| Classification number | 305.896 |
| Item number | AND-B |
| 100 1# - MAIN ENTRY--PERSONAL NAME | |
| Personal name | Anderson, Elijah |
| 245 10 - TITLE STATEMENT | |
| Title | Black in white space : |
| Remainder of title | the enduring impact of color in everyday life / |
| Statement of responsibility, etc | Elijah Anderson |
| 260 ## - PUBLICATION, DISTRIBUTION, ETC. (IMPRINT) | |
| Place of publication, distribution, etc | Chicago : |
| Name of publisher, distributor, etc | The University of Chicago Press, |
| Date of publication, distribution, etc | 2022 |
| 300 ## - PHYSICAL DESCRIPTION | |
| Extent | x, 288 p. |
| 500 ## - GENERAL NOTE | |
| General note | Includes bibliographical references and index. |
| 520 ## - SUMMARY, ETC. | |
| Summary, etc | "In Black in White Space, Elijah Anderson chronicles moments in which Black people are jarringly and often violently treated as outsiders-- a birder in Central Park, a jogger in a rural Georgia town, or a college student lounging on an elite university quad. Anderson shows that due to expansions in racial equality over the past fifty years, Black Americans increasingly gain access to elite white spaces. But instances of discrimination and harassment serve to remind us that racial barriers are firmly entrenched-- for the elite, the middle-class, and the poor alike. Anderson also delves into the stratifications and stereotypes that have made black and white spaces so persistently separate and difficult to break through, showing that regardless of the social or economic position of a Black person, the stereotype of the iconic ghetto looms in the white imagination, associating all Black people with crime, drugs, and poverty. From conversations on the street corners of Philadelphia with Black men who can't get work to Anderson's own morning jogs through a Cape Cod vacation town, he gathers a wealth of stories to shed new light on the urgent and dire persistence of racial discrimination in the United States"-- |
| 546 ## - LANGUAGE NOTE | |
| Language note | Eng |
| 650 ## - SUBJECT ADDED ENTRY--TOPICAL TERM | |
| Topical term or geographic name as entry element | African Americans-United States-Social conditions |
| 650 ## - SUBJECT ADDED ENTRY--TOPICAL TERM | |
| Topical term or geographic name as entry element | Racism-United States |
| 942 ## - ADDED ENTRY ELEMENTS (KOHA) | |
| Koha item type | Books |
| Withdrawn status | Lost status | Damaged status | Home library | Current library | Date acquired | Full call number | Barcode | Date last seen | Price effective from | Koha item type |
|---|---|---|---|---|---|---|---|---|---|---|
| UMT Main Campus | UMT Main Campus | 2026-06-18 | 305.896 AND-B | 153120 | 2026-06-18 | 2026-06-18 | Books |
